00779nam a2200229Ia 4500003000900000008004100009020001800050040001600068080001900084245010100103260003600204300001500240650004100255650002200296650002200318650002400340700002800364700002800392942000700420999001500427952010700442IN-BaIIA211028s9999 xx 000 0 eng d a0-7204-0720-3 cIIA Library a063:53bENF-65 0aPhysics and Astrophysics of Neutron Stars and Black Holescedited by R. Giacconi and R. Ruffini. aNew YorkbD. Van Nostrandc1978 axxv, 871p. aAstronomy and Astrophysics Thesaurus aAstrophysics9794 aBlack Holes97728 aNeutron Stars97729 aGiacconi, R., ed.97475 aRuffini, R., ed.910597 cBK c6131d6131 00104070aBANbBANcGENd1979-02-16l0o063:53/ ENF-65p6843r2021-11-05w1979-02-16yBKGDFL 255.00